000
00215 a2200097 4500
001
26430
100
_a
French chaster D
245
_a
Papaya the melon of health
260
_a
_b
Arco pub co
_c
090
_c
17766
_d
17766
942
_a
NUST-CAE
_c
M
_c
8631
999
_c
261503
_d
261503